000 00512nam a2200157Ia 4500
008 160316s1979 xxu||||| |||| 00| 0 eng d
082 _a304.600000
_bROU
100 _aRoussel Louis
245 _aRecent trends in attitudes and behaviour affecting the family in council of Europe member states
250 _a
260 _aStrasbourg
_bCouncil of Europe
_c1979
300 _a68p
_b
_c
365 _b
650 _a1.Behaviour - Attitude Changes - Impact - Family - European Countries
700 _aFesty Patrick
_a
999 _c17866
_d17866